| 000 | 00747nam a22002417a 4500 | ||
|---|---|---|---|
| 005 | 20251108164347.0 | ||
| 008 | 250721s1999 xx 000 0 ara d | ||
| 082 | 1 | 4 | _a410/سحي |
| 100 | 1 | _aسحيمات، يوسف | |
| 245 | 1 | 0 | _aالمدخل إلى الترقيم و الإملاء و النحة / |
| 250 | _aط3.، مزيدة و منقحة | ||
| 264 | 1 |
_aالكرك : _bدار رند للنشر، _c1999. |
|
| 300 | _a193ص | ||
| 650 | 1 | 7 | _aاللغة العربية |
| 650 | 1 | 7 | _aعلامات الترقيم |
| 650 | 1 | 7 | _aالإملاء |
| 650 | 1 | 7 | _aقواعد اللغة |
| 650 | 1 | 7 | _aعلم المعاجم |
| 700 | 1 | _aعبانبة، يحيى | |
| 700 | 1 | _aالرواشدة، سامح | |
| 942 |
_2ddc _cBK |
||
| 999 |
_c10276 _d10276 |
||